000 00201 a2200097 4500
001 10640
100 _aWilkes, L
245 _aTech yourself to tech.
260 _a
_bE U Press
_c
090 _c8241
_d8241
942 _aNUST-CAE
_cM
_c34980
999 _c245713
_d245713